<?xml version="1.0" encoding="UTF-8"?>
<record
    xmlns:xsi="http://www.w3.org/2001/XMLSchema-instance"
    xsi:schemaLocation="http://www.loc.gov/MARC21/slim http://www.loc.gov/standards/marcxml/schema/MARC21slim.xsd"
    xmlns="http://www.loc.gov/MARC21/slim">

  <leader>05713nam a2200529 a 4500</leader>
  <controlfield tag="001">dia_2609</controlfield>
  <controlfield tag="003">CHAP</controlfield>
  <controlfield tag="005">20250520131510.0</controlfield>
  <controlfield tag="007">ta</controlfield>
  <controlfield tag="008">220117s2003    mx bde frm    001 0 spa d</controlfield>
  <datafield tag="010" ind1=" " ind2=" ">
    <subfield code="a">173127</subfield>
  </datafield>
  <datafield tag="040" ind1=" " ind2=" ">
    <subfield code="c">CHAP</subfield>
    <subfield code="a">mxchpua</subfield>
    <subfield code="e">rda</subfield>
  </datafield>
  <datafield tag="041" ind1="0" ind2=" ">
    <subfield code="a">spa</subfield>
    <subfield code="b">eng</subfield>
  </datafield>
  <datafield tag="090" ind1=" " ind2=" ">
    <subfield code="a">TESIS </subfield>
    <subfield code="b">H842 </subfield>
    <subfield code="c">2003</subfield>
  </datafield>
  <datafield tag="100" ind1="1" ind2=" ">
    <subfield code="a">Huerta Hern&#xE1;ndez, Jos&#xE9; Roberto</subfield>
  </datafield>
  <datafield tag="240" ind1="1" ind2="0">
    <subfield code="a">Diagnosis and alternative of solution to the problematic of the biscuit bakery Richaud Hermanos, S.A. de C.V.</subfield>
    <subfield code="l">Espa&#xF1;ol</subfield>
  </datafield>
  <datafield tag="245" ind1="1" ind2="0">
    <subfield code="a">Diagn&#xF3;stico y alternativas de soluci&#xF3;n a la problem&#xE1;tica de la Galletera Richaud Hermanos S. A. de C. V. /</subfield>
    <subfield code="c">Jos&#xE9; Roberto Huerta Hern&#xE1;ndez</subfield>
  </datafield>
  <datafield tag="264" ind1=" " ind2=" ">
    <subfield code="a">Chapingo, M&#xE9;xico :</subfield>
    <subfield code="b">El autor,</subfield>
    <subfield code="c">2003</subfield>
  </datafield>
  <datafield tag="300" ind1=" " ind2=" ">
    <subfield code="a">ix, 143 hojas :</subfield>
    <subfield code="b">mapas, gr&#xE1;ficas, diagramas, tablas, planos</subfield>
  </datafield>
  <datafield tag="336" ind1=" " ind2=" ">
    <subfield code="2">rdacontent</subfield>
    <subfield code="a">texto</subfield>
    <subfield code="b">txt</subfield>
  </datafield>
  <datafield tag="337" ind1=" " ind2=" ">
    <subfield code="2">rdamedia</subfield>
    <subfield code="a">no mediado</subfield>
    <subfield code="b">n</subfield>
  </datafield>
  <datafield tag="338" ind1=" " ind2=" ">
    <subfield code="2">rdacarrier</subfield>
    <subfield code="a">volumen</subfield>
    <subfield code="b">nc</subfield>
  </datafield>
  <datafield tag="500" ind1=" " ind2=" ">
    <subfield code="a">El plano est&#xE1; incluido en el reporte</subfield>
  </datafield>
  <datafield tag="502" ind1=" " ind2=" ">
    <subfield code="a">Tesis </subfield>
    <subfield code="b">(Ingeniero Agroindustrial) --</subfield>
    <subfield code="c">UACh. Departamento de Ingenier&#xED;a Agroindustrial,</subfield>
    <subfield code="d">2003</subfield>
  </datafield>
  <datafield tag="504" ind1=" " ind2=" ">
    <subfield code="a">Bibliograf&#xED;a: hojas 130-132</subfield>
  </datafield>
  <datafield tag="505" ind1="0" ind2=" ">
    <subfield code="a">1 plano: --
1. Plano actual de la empresa</subfield>
  </datafield>
  <datafield tag="520" ind1="3" ind2=" ">
    <subfield code="a">Debido a la inestabilidad gerencial que se presenta constantemente en las empresas agroalimentarias, no siendo la excepci&#xF3;n la Galletera Richaud Hermanos, S. A. de C.V. es necesario que la gerencia de esta empresa tenga presente las situaciones adversas que afectan su eficiencia total., por tal motivo, el presente estudio consisti&#xF3; en aplicar la t&#xE9;cnica An&#xE1;lisis Factorial que propone el Banco de M&#xE9;xico, el cual se rige por el m&#xED;nimo de Liebeg: "una operaci&#xF3;n desarrollada poco eficientemente limita la eficiencia global de la empresa". El estudio consisti&#xF3; en realizar un diagn&#xF3;stico de la galletera Richaud Hermanos S.A. de C.V. con el fin de conocer y detectar las causas de ineficiencia. Una vez realizado el diagn&#xF3;stico, se identific&#xF3; el factor de operaci&#xF3;n que afecta m&#xE1;s al &#xE9;xito de la empresa. Encontrando que fue "Los medios de producci&#xF3;n", y se proponen alternativas de soluci&#xF3;n como son: un cambio total de la empresa o invertir parte de las ganancias para lograr mejoras, con el fin de superar la problem&#xE1;tica que limita la potencialidad de la empresa. Adem&#xE1;s, se pretende que el presente diagn&#xF3;stico permita a la gerencia de la galletera, con mas tradici&#xF3;n en el sur de M&#xE9;xico, conozca su situaci&#xF3;n actual y las deficiencias internas y externas que no le permiten tener una mayor competitividad con las dem&#xE1;s empresas galleteras, pero, sobre todo, que se d&#xE9; la continuidad a las pol&#xED;ticas gerenciales para que n0 haya retroceso, pero si avances generales de toda la empresa. Una vez conocida la situaci&#xF3;n actual de la Galletera Richaud Hermanos S.A de C.V. se retom&#xF3; para generar estrategias alternativas de soluci&#xF3;n las Cuales se realizaron mediante el uso de la matriz DAFO (debilidades, amenazas, fortalezas y oportunidades); encontr&#xE1;ndose estrategias: sobrevivencia, defensivas, adaptativas y ofensivas que se proponen para que la empresa pueda ser m&#xE1;s Competitiva en Comparaci&#xF3;n con otros grupos galleteros importantes del sureste mexicano. --</subfield>
  </datafield>
  <datafield tag="520" ind1="3" ind2=" ">
    <subfield code="a">The management instability in the agro-alimetary companies is a constant. Biscuit bakery Richaud Hermanos, S.A. de C.V. is the exXception; therefore, it is necessary management recognize the adverse situation that affect total efficiency of the company. By this reason, the present study applied the technic of factorial analysis proposed by the Bank of Mexico. The technic has the maxim of Liebeg, which says One little operation developed with litle efficiency limits the global efficiency of the company". This study diagnosted the company to identify the main restricting factors of everyday operation at the biscuit baker Richaud Hermanos, S.A. de C.V. Under this scenario it was found that " means of production" with the technic used it was the most important cause of inefficiency in the operation of the company. An alternative to overcome this problem is a total change of the company or invest part of the company profit to improve the infraestructure. In adition, this diagnostic ailows biscuit bakery -management with the longest tradition in southern Mexico- to know its present situation and internal and external factors that limit its competitivity with other biscuit bakery companies. The advance of the company is expected. Once the present situation of the biscuit bakery Richaud Hermanos, S.A de C. V. it was taken again to generate alternatives solution strategies of the use of the SWOT matrix (streggths, weakness, opportunities and threats) the next strategies found: survival, defensive, adaptative and offensive, and they are proposed so that the company can be competitive with other groups biscuit bakery important in southern Mexico.</subfield>
  </datafield>
  <datafield tag="650" ind1="1" ind2="7">
    <subfield code="a">Galletas</subfield>
    <subfield code="2">atg</subfield>
  </datafield>
  <datafield tag="650" ind1="1" ind2="3">
    <subfield code="a">Bizcochos (salados)  </subfield>
    <subfield code="2">atg</subfield>
  </datafield>
  <datafield tag="650" ind1="1" ind2="3">
    <subfield code="a">Industria panadera   </subfield>
    <subfield code="2">atg</subfield>
    <subfield code="x">An&#xE1;lisis factorial</subfield>
    <subfield code="z">M&#xE9;xico</subfield>
  </datafield>
  <datafield tag="650" ind1="1" ind2="3">
    <subfield code="a">Industria panadera   </subfield>
    <subfield code="2">atg</subfield>
    <subfield code="x">Competencia de mercado</subfield>
  </datafield>
  <datafield tag="650" ind1="1" ind2="3">
    <subfield code="a">Cookies  </subfield>
    <subfield code="2">atg</subfield>
  </datafield>
  <datafield tag="650" ind1="1" ind2="3">
    <subfield code="a">Biscuits  </subfield>
    <subfield code="2">atg</subfield>
  </datafield>
  <datafield tag="650" ind1="1" ind2="3">
    <subfield code="a">Bakery industry</subfield>
    <subfield code="x">Factor analysis</subfield>
    <subfield code="z">Mexico  </subfield>
  </datafield>
  <datafield tag="650" ind1="1" ind2="3">
    <subfield code="a">Bakery industry   </subfield>
    <subfield code="x">Market competition</subfield>
  </datafield>
  <datafield tag="700" ind1="1" ind2=" ">
    <subfield code="a">Buend&#xED;a Gonz&#xE1;lez, Mar&#xED;a Ofelia</subfield>
    <subfield code="e">directora</subfield>
  </datafield>
  <datafield tag="700" ind1="1" ind2=" ">
    <subfield code="a">Ponce Hern&#xE1;ndez, Pedro</subfield>
    <subfield code="e">asesor</subfield>
  </datafield>
  <datafield tag="700" ind1="1" ind2=" ">
    <subfield code="a">Salazar Zazueta, Alfredo</subfield>
    <subfield code="e">asesor</subfield>
  </datafield>
  <datafield tag="856" ind1="4" ind2="1">
    <subfield code="u">http://10.13.5.2/tesis/99235.pdf</subfield>
    <subfield code="y">DESCARGAR PDF</subfield>
  </datafield>
  <datafield tag="901" ind1=" " ind2=" ">
    <subfield code="a">TESIS H842 2003</subfield>
  </datafield>
  <datafield tag="902" ind1=" " ind2=" ">
    <subfield code="a">M</subfield>
  </datafield>
  <datafield tag="905" ind1=" " ind2=" ">
    <subfield code="a">0000002003                          mx     0000000000spa00</subfield>
  </datafield>
  <datafield tag="942" ind1=" " ind2=" ">
    <subfield code="c">TESIS</subfield>
    <subfield code="2">Clasificaci&#xF3;n Universidad Aut&#xF3;noma Chapingo</subfield>
  </datafield>
  <datafield tag="999" ind1=" " ind2=" ">
    <subfield code="c">173127</subfield>
    <subfield code="d">173127</subfield>
  </datafield>
  <datafield tag="952" ind1=" " ind2=" ">
    <subfield code="0">0</subfield>
    <subfield code="1">0</subfield>
    <subfield code="2">local</subfield>
    <subfield code="4">0</subfield>
    <subfield code="5">1</subfield>
    <subfield code="7">0</subfield>
    <subfield code="8">TESIS</subfield>
    <subfield code="a">IA_</subfield>
    <subfield code="b">IA_</subfield>
    <subfield code="e">El autor</subfield>
    <subfield code="l">0</subfield>
    <subfield code="o">Tesis H842 2003</subfield>
    <subfield code="p">1101015454</subfield>
    <subfield code="r">2026-02-02 00:00:00</subfield>
    <subfield code="t">Ej. 1</subfield>
    <subfield code="y">TESIS</subfield>
  </datafield>
  <datafield tag="952" ind1=" " ind2=" ">
    <subfield code="0">0</subfield>
    <subfield code="1">0</subfield>
    <subfield code="2">local</subfield>
    <subfield code="4">0</subfield>
    <subfield code="5">5</subfield>
    <subfield code="7">0</subfield>
    <subfield code="8">TESIS</subfield>
    <subfield code="a">IA_</subfield>
    <subfield code="b">IA_</subfield>
    <subfield code="d">2025-05-20</subfield>
    <subfield code="e">El autor</subfield>
    <subfield code="l">0</subfield>
    <subfield code="o">Tesis H842 2003</subfield>
    <subfield code="p">1101015455</subfield>
    <subfield code="r">2026-02-02 00:00:00</subfield>
    <subfield code="t">Ej. 2</subfield>
    <subfield code="w">2025-05-20</subfield>
    <subfield code="y">TESIS</subfield>
  </datafield>
  <datafield tag="952" ind1=" " ind2=" ">
    <subfield code="0">0</subfield>
    <subfield code="1">0</subfield>
    <subfield code="2">local</subfield>
    <subfield code="4">0</subfield>
    <subfield code="7">0</subfield>
    <subfield code="8">TesDigL</subfield>
    <subfield code="a">IA_</subfield>
    <subfield code="b">IA_</subfield>
    <subfield code="c">E_L</subfield>
    <subfield code="d">2025-05-20</subfield>
    <subfield code="e">El autor</subfield>
    <subfield code="l">0</subfield>
    <subfield code="p">1201015454</subfield>
    <subfield code="r">2025-05-20 14:19:59</subfield>
    <subfield code="w">2025-05-20</subfield>
    <subfield code="y">TD</subfield>
  </datafield>
</record>
